000 00407nam a2200157Ia 4500
008 210716s2009 xx 000 0 und d
020 _a9788131709399
041 _aeng
082 _a657.3 FOSG
100 _aFoster, George.
245 _aFinancial statement analysis.
250 _a2
260 _aNew Delhi
_bPearson Education
_c2009
300 _axii,625
650 _aFinancial Reporting and Analyais
999 _c206344
_d206344